| 000 | 00413nam a2200181Ia 4500 | ||
|---|---|---|---|
| 003 | OSt | ||
| 005 | 20230526153703.0 | ||
| 008 | 210423s1994 xx 000 0 und d | ||
| 040 | _cAL | ||
| 041 | _akan | ||
| 082 |
_a398 _223 _bMADB |
||
| 100 |
_aMADHAVA (K K). _9114940 |
||
| 245 | _aBhootaradhane. | ||
| 260 |
_aHampi _bPrasaranga _c1994 |
||
| 365 |
_b8 _cINR |
||
| 906 | _aBhootaradhane. | ||
| 942 |
_2ddc _cBK |
||
| 999 |
_c173398 _d173398 |
||